000 00527nam a2200229Ia 4500
003 IT-RoPAU
008 120407s9999 xx 000 0 und d
040 _aIT-RoPAU
040 _cIT-RoPAU
041 _aita
100 _aIuvenal Decimus Iunius
245 _aSatire. Trad. e note di Ettore Barelli. Testo latino a fronte. 3a ed.
250 _aMilano
260 _aRizzoli
260 _c1982
300 _a421 p.
300 _c18 cm
490 _aClassici Bur.
490 _v1
942 _cBK
999 _c34384
_d34384